Follow the yellow brick road : (Record no. 23228)

MARC details
000 -LEADER
fixed length control field 00823nam a2200253#a 4500
001 - CONTROL NUMBER
control field 01662
003 - CONTROL NUMBER IDENTIFIER
control field HDC
007 - PHYSICAL DESCRIPTION FIXED FIELD--GENERAL INFORMATION
fixed length control field ta
008 - FIXED-LENGTH DATA ELEMENTS--GENERAL INFORMATION
fixed length control field 230623s1992 xx 000 0 eng d
020 ## - INTERNATIONAL STANDARD BOOK NUMBER
International Standard Book Number 0553074253 (hbk)
040 ## - CATALOGING SOURCE
Original cataloging agency HDC
050 ## - LIBRARY OF CONGRESS CALL NUMBER
Classification number P95
Item number .W87 1992
100 ## - MAIN ENTRY--PERSONAL NAME
Personal name Wurman, Richard Saul,
Dates associated with a name 1935-.
245 #0 - TITLE STATEMENT
Title Follow the yellow brick road :
Remainder of title learning to give, take, and use instructions /
Statement of responsibility, etc. Richard Saul Wurman with Loring Leifer ; introduction by John Sculley ; drawings by Ed Koren and Larry Gonick.
264 ## - PRODUCTION, PUBLICATION, DISTRIBUTION, MANUFACTURE, AND COPYRIGHT NOTICE
Place of production, publication, distribution, manufacture New York :
Name of producer, publisher, distributor, manufacturer Bantam Books,
Date of production, publication, distribution, manufacture, or copyright notice c1992.
300 ## - PHYSICAL DESCRIPTION
Extent xxxv,387p. :
Other physical details ill. ;
Dimensions 25cm.
500 ## - GENERAL NOTE
General note Includes bibliographical references (p. 378-381) and index.
650 ## - SUBJECT ADDED ENTRY--TOPICAL TERM
Topical term or geographic name entry element Oral communication.
700 ## - ADDED ENTRY--PERSONAL NAME
Personal name Leifer, Loring.
942 ## - ADDED ENTRY ELEMENTS (KOHA)
Source of classification or shelving scheme Library of Congress Classification
942 ## - ADDED ENTRY ELEMENTS (KOHA)
Koha item type Book
942 ## - ADDED ENTRY ELEMENTS (KOHA)
Call number prefix P95
942 ## - ADDED ENTRY ELEMENTS (KOHA)
Call number suffix .W87 1992
Holdings
Withdrawn status Lost status Source of classification or shelving scheme Damaged status Not for loan Collection Home library Current library Shelving location Date acquired Total checkouts Full call number Barcode Date last seen Price effective from Koha item type
    Library of Congress Classification     Non-fiction Halal Development Corporation Library Halal Development Corporation Library Open Shelves 17/11/2020   P95 .W87 1992 HDC0001211 24/05/2023 24/05/2023 Book
Halal Development Corporation Berhad (HDC)
5.02 Level 5, KPMG Tower, First Avenue, Persiaran Bandar Utama, 47800 Petaling Jaya, Selangor Darul Ehsan
Phone: +603 7965 5489 Email: [email protected]